[Event "Marmelopolis op"]
[Site "Marmelopolis"]
[Date "2024.09.07"]
[Round "3"]
[White "Celestino, Filipe Maia Nunes"]
[Black "Pedrosa, Joao Vitor Oliveira"]
[Result "1-0"]
[WhiteElo "1701"]
[BlackElo "1793"]
[PlyCount "35"]
[EventDate "2024.09.06"]
[EventType "swiss"]
[EventRounds "6"]
[EventCountry "BRA"]
[SourceTitle "EXT 2025"]
[Source "ChessBase"]
[SourceDate "2024.10.14"]
[SourceVersion "1"]
[SourceVersionDate "2024.10.14"]
[SourceQuality "1"]

1. e4 d5 2. exd5 Qxd5 3. Nc3 Qa5 4. d4 Nf6 5. Nf3 Bf5 6. Bc4 e6 7. Bd2 c6 8. Ne4 Qd8 9. Ng3 Bg6 10. c3 Nbd7 11. Qe2 h6 12. Bf4 Nb6 13. Bb3 Bd6 14. Ne5 Bh7 15. 0-0 Nbd7 16. Nxf7 Kxf7 17. Qxe6+ Kf8 18. Qf7# 1-0

[Event "Marmelopolis op"]
[Site "Marmelopolis"]
[Date "2024.09.07"]
[Round "4"]
[White "De Freitas, Fiorella R Santos"]
[Black "Pedrosa, Joao Vitor Oliveira"]
[Result "0-1"]
[WhiteElo "1765"]
[BlackElo "1793"]
[PlyCount "80"]
[EventDate "2024.09.06"]
[EventType "swiss"]
[EventRounds "6"]
[EventCountry "BRA"]
[SourceTitle "EXT 2025"]
[Source "ChessBase"]
[SourceDate "2024.10.14"]
[SourceVersion "1"]
[SourceVersionDate "2024.10.14"]
[SourceQuality "1"]

1. e4 d5 2. Bd3 dxe4 3. Bxe4 Nf6 4. Bd3 c6 5. Nf3 Bg4 6. 0-0 e6 7. h3 Bh5 8. Nc3 Nbd7 9. Be2 Bg6 10. d4 Qc7 11. Qd2 Bd6 12. a3 0-0 13. b4 Nd5 14. Bb2 Rac8 15. Bd3 Bf4 16. Qe2 Bxd3 17. Qxd3 N7b6 18. Ne2 Bd6 19. c4 Nf4 20. Qe3 Nxc4 21. Qc3 Nxe2+ 22. Kh1 Nxc3 23. Bxc3 b5 24. Rfd1 Rfe8 25. Bd2 Nxd2 26. Rxd2 a5 27. bxa5 Qxa5 28. Rdd1 Qc3 29. Rac1 Qxa3 30. Rc2 b4 31. Rcd2 Rb8 32. Rd3 b3 33. g3 Qa2 34. R1d2 b2 35. Rd1 b1Q 36. Rxb1 Rxb1+ 37. Kg2 Rb2 38. Kh1 Rxf2 39. Rd1 Bxg3 40. Ne1 Rf1# 0-1